000 00835nam a2200229Ia 4500
003 OSt
005 20220923213216.0
006 a|||||r|||| 00| 0
007 ta
008 220922b |||||||| |||| 00| 0 hin d
024 _a159,863
037 _cTextual
040 _aARTS
_cARTS
_bhin
041 _2hin
_ahin
082 _aO152:3x0MV4, H6
100 _aचतुर्वेदी, प्रतापनारायण, संपा.
_9162978
245 0 _aआशा का अवसान
_b युद्व की कहानियां का संग्रह
246 _aĀshā kā avasāna: yudva kī kahāniyāan kā sangraha
260 _c1946
942 _hO152:3x0MV4, H6
_cTEXL
_2CC
999 _c314610
_d314610